| 000 | 00588cam a22001453u 4500 | ||
|---|---|---|---|
| 082 |
_a387.5092 _bNAN |
||
| 100 | 1 |
_aNansen, Fridtjof. _949876 |
|
| 245 | 1 | 0 |
_aFarthest north _bBeing a record of a voyage of exploration of the ship "Fram" 1893-96 and of a fifteen months' sleigh journey by Dr. Nansen and Lieut. Johansen (Vol 1) / _cNansen, Fridtjof. |
| 260 |
_a[S.l.] : _b[s.n.], _c1897. |
||
| 500 | _aTitle from content provider. | ||
| 526 |
_a0 _b0 _c0 _d387_509200000000000_NAN |
||
| 650 |
_aMCE _9379 |
||
| 856 | 4 | 0 | _uhttp://www.columbia.edu/cgi-bin/cul/resolve?clio9289759 |
| 942 |
_2ddc _cBK |
||
| 999 |
_c552619 _d552619 |
||